| 000 | 00568nam a2200205Ia 4500 | ||
|---|---|---|---|
| 005 | 20230531105025.0 | ||
| 008 | 131103s9999 xx 000 0 und d | ||
| 040 | _aLoreto College | ||
| 041 | _aEnglish | ||
| 082 |
_a940.1 _bPOW |
||
| 100 | _aPower,Eileen | ||
| 245 |
_aMedieval people _cEileen Power |
||
| 260 |
_aHarmondsworth _bPenguin Books _c1924 (1954 printing) |
||
| 300 |
_a224 p. _b ill. |
||
| 504 | _aIncludes bibliographical references and index | ||
| 650 | _aMedieval History | ||
| 651 | _aEurope - Medieval History | ||
| 850 | _aLCLIB | ||
| 942 | _cBK | ||
| 999 |
_c3863 _d54342 |
||